| 000 | 00881nam a2200241 a 4500 | ||
|---|---|---|---|
| 001 | 83553 | ||
| 003 | BD-RjUL | ||
| 005 | 20240422104046.0 | ||
| 008 | 240422s2006 bg a|||| m||| 00| 0 eng d | ||
| 035 | _a(BD-RjUL)83553 | ||
| 040 |
_aBD-RjUL _beng _cBD-RjUL _dBD-RjUL |
||
| 041 | _aeng | ||
| 082 |
_223 _a546.625 _bSOR 2006 |
||
| 100 |
_aSohana, Kaniz _912648 |
||
| 245 | 1 | 0 |
_aReclamation of Spent Catalyst and Its Diversified Uses Through Derivatization / _cBy Kaniz Sohana ; _6Supervisor : M. Abdur Rouf |
| 260 |
_aRajshahi : _bDepartment of Chemistry, University of Rajshahi, _c2006 |
||
| 300 |
_av, 222 Leaves : _bill, ; _c29 cm. |
||
| 502 | _aThesis (Ph. D.) -- Department of Chemistry, University of Rajshahi, 2006 | ||
| 504 | _aReferences : Leaves 203-222 | ||
| 650 |
_aInorganic Cheistry _vNickel _912649 |
||
| 700 |
_aRouf, M. Abdur, Supervisor _912650 |
||
| 942 |
_2ddc _cTHE |
||
| 999 |
_c83553 _d83553 |
||